000 00565cam a2200217 4500
008 090401t1990 xxu||||| |||| 00| 0 eng d
020 _a0419147802
035 _a(Sirsi) u16992
041 _aeng
050 _a692.5
245 _aSpon`s budget estimating handbook
260 _aLondon
_bE. and F.N. Spon
_c1990
300 _axiv,214p. : ill.,map ; 24cm.
350 _a34.5
650 _aBUDGETTING
650 _aBUILT ENVIRONMENT-BUILDING COSTS
650 _aESTIMATING
700 _aSpain and Partners.,
_xEditor
942 _n0
948 _c04/03/1997
999 _c87462
_d87462